Malaysian State Capitals - Statistics

General Stats
  • This quiz has been taken 53 times
  • The average score is 12 of 16
Answer Stats
State Capital % Correct
Johor Johor Bahru
98%
Penang George Town
93%
Sarawak Kuching
93%
Sabah Kota Kinabalu
87%
Perak Ipoh
84%
Malacca Malacca City
84%
Kuala Lumpur Kuala Lumpur
82%
Terengganu Kuala Terengganu
80%
Kedah Alor Setar
73%
Pahang Kuantan
73%
Negeri Sembilan Seremban
73%
Putrajaya Putrajaya
69%
Selangor Shah Alam
69%
Kelantan Kota Bharu
64%
Perlis Kangar
53%
Labuan Victoria
42%
No matching quizzes found
Score Distribution
Percent of People with Each Score
Percentile by Number Answered
Your Score History
You have not taken this quiz